Global Cities 2020 with map - Statistics

General Stats
  • This quiz has been taken 727 times
    616 since last reset
  • The average score is 173 of 224
Answers on the Map
Answers color-coded by a green-red scale on the quiz's map according to % correct below.
 
Answer Stats
City % Correct
New York
98%
London
96%
Los Angeles
96%
Paris
96%
Madrid
95%
Moscow
95%
Sydney
95%
Tokyo
95%
Toronto
95%
Chicago
94%
Dublin
94%
Mexico City
94%
Rio de Janeiro
94%
Athens
93%
Barcelona
93%
Beijing
93%
Berlin
93%
Delhi
93%
Dubai
93%
Istanbul
93%
Lisbon
93%
Miami
93%
Rome
93%
San Francisco
93%
Amsterdam
92%
Cairo
92%
Oslo
92%
Shanghai
92%
Singapore
92%
Washington
92%
Boston
91%
Buenos Aires
91%
Cape Town
91%
Jakarta
91%
Johannesburg
91%
Kiev
91%
Melbourne
91%
Mumbai
91%
Sao Paulo
91%
Seoul
91%
Stockholm
91%
Vancouver
91%
Warsaw
91%
Bangkok
90%
Brussels
90%
Copenhagen
90%
Helsinki
90%
Houston
90%
Manchester
90%
Manila
90%
Milan
90%
Munich
90%
Santiago
90%
Seattle
90%
St. Petersburg
90%
Vienna
90%
Auckland
89%
Dallas
89%
Hong Kong
89%
Lima
89%
Panama City
89%
San Diego
89%
Bogota
88%
Budapest
88%
Edinburgh
88%
Frankfurt
88%
Hamburg
88%
Kuala Lumpur
88%
Montreal
88%
Osaka
88%
Perth
88%
Zurich
88%
Ankara
87%
Atlanta
87%
Lagos
87%
Ottawa
87%
Prague
87%
Tel Aviv
87%
Bucharest
86%
Detroit
86%
Glasgow
86%
Orlando
86%
Philadelphia
86%
Riyadh
86%
Tunis
86%
Wellington
86%
Abu Dhabi
85%
Caracas
85%
Casablanca
85%
Denver
85%
Guangzhou
85%
Hanoi
85%
Ho Chi Minh City
85%
Kuwait City
85%
Nairobi
85%
Phoenix
85%
Porto
85%
San José
85%
San Jose, CA
85%
Sofia
85%
Austin
84%
Brisbane
84%
Taipei
84%
Algiers
83%
Beirut
83%
Belfast
83%
Dhaka
83%
Doha
83%
Geneva
83%
Islamabad
83%
Lyon
83%
Riga
83%
Zagreb
83%
Belgrade
82%
Guatemala City
82%
Karachi
82%
Kolkata
82%
Montevideo
82%
Quito
82%
Luxembourg
81%
Rotterdam
81%
Tampa
81%
Adelaide
80%
Amman
80%
Calgary
80%
Baku
79%
Bratislava
79%
Minneapolis
79%
Valencia
79%
Wuhan
79%
Guadalajara
78%
Lahore
78%
La Paz
78%
San Salvador
78%
Santo Domingo
78%
Baltimore
77%
Bangalore
77%
Cologne
77%
Edmonton
77%
Tbilisi
77%
Asuncion
76%
Dakar
76%
Dar es Salaam
76%
Muscat
76%
Sacramento
76%
Salt Lake City
76%
Tirana
76%
Vilnius
76%
Colombo
75%
Jeddah
75%
Nicosia
75%
Antwerp
74%
Chennai
74%
Ljubljana
74%
Medellin
74%
Monterrey
74%
Turin
74%
Xi'an
74%
Accra
73%
Dusseldorf
73%
Hyderabad
73%
Nassau
73%
Shenzhen
73%
Charlotte
72%
St. Louis
72%
Cleveland
71%
Gothenburg
71%
Luanda
71%
Phnom Penh
71%
San Juan
71%
Tianjin
71%
Durban
70%
Kansas City
70%
Malmö
70%
Nashville
70%
Manama
69%
Stuttgart
69%
Bilbao
68%
Kampala
68%
Milwaukee
68%
Nagoya
67%
Belo Horizonte
66%
Bristol
65%
Chengdu
65%
Harare
64%
Managua
64%
Tegucigalpa
64%
Ahmedabad
63%
Chongqing
63%
Nanjing
63%
Almaty
62%
Columbus
62%
Xiamen
62%
Maputo
61%
Nantes
61%
Málaga
60%
Guayaquil
58%
Harbin
58%
Hangzhou
53%
Pune
52%
Lausanne
51%
Penang
51%
Wroclaw
51%
Dalian
50%
Qingdao
50%
Katowice
49%
George Town
48%
Shenyang
46%
Kunming
42%
Poznan
42%
Douala
41%
Changsha
38%
Fuzhou
38%
Zhengzhou
38%
Port Louis
37%
Hefei
34%
Kaohsiung
34%
Suzhou
34%
Jinan
30%
Limassol
30%
Taichung
29%
Haikou
28%
Taiyuan
24%
Querétaro
16%
No matching quizzes found
Score Distribution
Percent of People with Each Score
Percentile by Number Answered
Your Score History
You have not taken this quiz since the last reset